[Event "IV Open RGCC 2018"]
[Site "Gijon"]
[Date "2018.07.24"]
[Round "2"]
[White "Menendez Rey, Francisco Javier"]
[Black "Martinez Alcantara, Jose Eduardo"]
[Result "0-1"]
[WhiteElo "2177"]
[BlackElo "2545"]
[Annotator "TA"]
[PlyCount "58"]
[EventDate "2018.07.24"]
[EventType "swiss"]
[EventCountry "ESP"]
[SourceTitle "playchess.com"]
[Source "ChessBase"]
[SourceQuality "1"]

{[%evp 15,58,-26,-3,-37,-43,-62,-61,-60,-63,-59,-55,-67,-60,-81,-89,-88,-54,-92,-80,-72,-62,-88,-81,-105,-58,-92,-89,-147,-129,-152,-147,-177,-154,-166,-171,-329,-349,-368,-356,-332,-218,-603,-528,-526,-516]} 1. f4 g6 2. Nf3 Bg7 3. g3 Nf6 4. Bg2 d5 5. O-O b6 6. d3 Bb7 7. c3 O-O 8. Na3 {A03: Bird's Opening with 1...d5} (8. a4 a6 9. Qc2 Nbd7 10. Re1 Re8 11. Na3 e5 12. fxe5 Nxe5 13. Nxe5 Rxe5 14. Bf4 Re8 15. Qd2 Qd7 16. Nc2 {1-0 (52) Kamsky,G (2762)-Leko,P (2732) Beijing 2012}) 8... c5 {LiveBook: 5 Games} 9. Nc2 Qc7 $146 ({Predecessor:} 9... Nc6 10. Qe1 Qc7 11. h3 e5 12. fxe5 Nxe5 13. Qf2 Rae8 14. Nxe5 Qxe5 15. Bf4 Qe6 {1-0 (45) Sequera Paolini,J (2398)-Castano,D (2337) Mendes 2009}) 10. Ne5 {Black is slightly better.} Nc6 11. Nxc6 Bxc6 12. f5 Qd7 13. fxg6 hxg6 14. Bg5 Nh7 15. Bd2 Rad8 16. Qc1 e5 17. Bh6 f5 18. Bxg7 Kxg7 19. d4 Qe7 20. Qe3 Rfe8 21. dxc5 (21. Qxe5+ $142 Qxe5 22. dxe5) 21... bxc5 $17 {[%cal Bb6c5,Bc5d4,Bd4d3][%mdl 32]} 22. Qf2 Nf6 23. h3 Ne4 24. Bxe4 fxe4 {[%cal Bf5e4,Be4e3][%mdl 32]} ({Resist} 24... dxe4 25. Rad1 $17) 25. b4 $2 {[#]} (25. Ne3) 25... d4 $19 26. cxd4 cxd4 27. Rac1 e3 28. Qe1 $2 (28. Nxe3 dxe3 29. Qxe3) 28... Qe6 29. g4 d3 {Precision: White = 16%, Black = 67%.} 0-1

[Event "IV Open RGCC 2018"]
[Site "Gijon"]
[Date "2018.07.24"]
[Round "2"]
[White "Martins, Bruno Andre Leite"]
[Black "Quesada Perez, Yasser"]
[Result "1/2-1/2"]
[WhiteElo "2160"]
[BlackElo "2531"]
[Annotator "TA"]
[PlyCount "107"]
[EventDate "2018.07.24"]
[EventType "swiss"]
[EventCountry "ESP"]
[SourceTitle "playchess.com"]
[Source "ChessBase"]
[SourceQuality "1"]

{[%evp 23,107,27,34,-12,-11,-86,-91,-77,-87,-85,-97,-123,-68,-68,-62,-81,-92,-63,-63,-93,-94,-94,-87,-115,-79,-45,-57,-54,-52,-152,-65,-77,0,-137,-138,-212,-187,-441,-439,-413,-400,-483,-483,-474,-489,-499,-493,-472,-437,-377,-360,-492,-483,-427,-265,-248,-248,-297,-247,-452,-359,-478,-483,-457,-436,-473,-473,-372,0,0,-8,-8,0,0,0,0,0,0,0,0,0,0,0,0,0,0]} 1. e4 c5 2. Nf3 e6 3. Nc3 a6 4. g3 b5 5. Bg2 Bb7 6. d4 cxd4 7. Nxd4 Nf6 8. O-O b4 9. Na4 Bxe4 {B43: Sizilianisch (Paulsen-Variante)} 10. Bxe4 Nxe4 11. Re1 Nf6 (11... d5 12. Qh5 Qf6 13. Be3 Nd7 14. f3 g6 15. Qg4 h5 16. Qh3 Nd6 17. Rad1 Be7 18. Nxe6 Qxe6 19. Qg2 Nf5 20. Bg5 Qc6 21. Bxe7 Nxe7 22. Qe2 O-O {0-1 (22) Jovanovic,Z (2534)-Andreikin,D (2737) Tallinn 2016}) 12. Qf3 d5 {LiveBook: 3 Partien} 13. Bf4 Be7 14. Qe3 $146 (14. c4 $11 {bleibt in der Remisbreite.}) ({Vorgänger:} 14. Rxe6 fxe6 15. Nxe6 Qa5 16. b3 Nc6 17. Nc7+ {0-1 (29) Crosa Coll,M (2412)-Mahia,G (2377) Asuncion 2003}) 14... O-O $17 15. Nxe6 fxe6 16. Qxe6+ Rf7 17. Nb6 Nbd7 (17... Ra7 $17 {...Lc5 ist eine echte Drohung.} 18. Qc8 Rf8 19. Bxb8 Qxb6 20. Bxa7 Qxa7 21. Qe6+ Rf7) 18. Nxa8 $15 Qxa8 19. Rad1 Nc5 20. Qe2 Qc6 $36 {[%mdl 2048] Schwarz hat Druck.} 21. Be5 Nfe4 22. f3 {[#]} Ng5 $1 {[%cal Rg5f3]} 23. Rf1 Bf6 24. Bxf6 Rxf6 25. h4 Nge6 26. Rfe1 ({Besser ist} 26. Qd2 $1 $15) 26... Rg6 (26... Na4 $17 27. Qe5 Nc7) 27. Kh2 Rf6 (27... Na4 $142 28. Rd2 a5) 28. Kg1 $1 $17 h6 29. Kg2 (29. Rd2 $17) 29... Na4 30. Qd3 $2 (30. Rb1) 30... Nxb2 $19 31. Qxd5 Nxd1 32. Qxc6 Nf4+ $1 33. gxf4 Rxc6 34. Rxd1 Rxc2+ {[%mdl 4096] Endspiel KT-KT} 35. Kg3 Rxa2 36. Rd8+ Kf7 {Und ...b3 würde nun gewinnen.} 37. Rb8 a5 38. Kg4 Rg2+ 39. Kf5 g6+ 40. Ke5 Re2+ 41. Kd5 $2 (41. Kd4 {war die einzige Verteidigung.}) 41... Re3 42. Rb5 Rxf3 43. Ke4 Ra3 44. Rb7+ Ke8 45. Ke5 b3 $2 ({Lieber} 45... Re3+ $19 46. Kd4 Rh3) 46. Ke6 $11 {[%cal Rb7b8] Die Stellung ist ausgeglichen.} Kd8 {[#]} 47. h5 $1 {[%cal Rh5g6][%mdl 512]} gxh5 48. f5 {[%cal Bf4f5,Bf5f6,Bf6f7][%mdl 32]} a4 49. f6 {Weiss will mit f7 Matt setzen.} Ra2 50. f7 $1 {[%cal Rf7f8]} Rf2 {Weiss muss nun ...h4 beachten.} 51. Rb4 $1 Re2+ 52. Kd6 {[%cal Rb4b8]} Rd2+ 53. Ke6 Re2+ 54. Kd6 {Precision: Weiß = 47%, Schwarz = 67%.} 1/2-1/2

[Event "IV Open RGCC 2018"]
[Site "Gijon"]
[Date "2018.07.24"]
[Round "2"]
[White "De la Cruz Revilla, Miguel"]
[Black "Manolache, Marius"]
[Result "0-1"]
[WhiteElo "2159"]
[BlackElo "2494"]
[Annotator "TA"]
[PlyCount "40"]
[EventDate "2018.07.24"]
[EventType "swiss"]
[EventCountry "ESP"]
[SourceTitle "playchess.com"]
[Source "ChessBase"]
[SourceQuality "1"]

{[%evp 14,40,28,33,45,16,5,0,58,7,12,-104,-120,-115,-116,-133,-137,-111,-37,-62,-43,-359,-363,-318,-262,-367,-315,-425,-418]} 1. e4 d6 2. d4 g6 3. Nc3 Bg7 4. Be3 c6 5. Qd2 b5 6. O-O-O Nd7 7. Kb1 Nb6 {B06: Modern Defence} 8. Bd3 {LiveBook: 7 Games} Rb8 (8... b4 9. Nce2 a5 10. h4 h5 11. Nh3 d5 12. Ng5 Nh6 13. f3 dxe4 14. Nxe4 Nd5 15. Bf2 {1-0 (35) Chirila,I (2552)-Zherebukh,Y (2627) Greensboro 2017}) 9. h4 h5 {The position is equal.} 10. Nh3 Bxh3 $146 (10... Nf6 $11) ({Predecessor:} 10... Nc4 11. Bxc4 bxc4 12. Ka1 Qa5 13. Ng5 Nf6 14. e5 Nd5 15. exd6 Rxb2 16. Kxb2 {1-0 (39) Shukh,N (2434)-Mukhin,A (2172) Uljanovsk 2012}) 11. Rxh3 (11. gxh3 $14 Nc4 12. Bxc4 bxc4 13. Bf4) 11... Nf6 $11 12. d5 (12. f3 $11 {remains equal.}) 12... b4 $1 $17 {[%cal Rb4c3]} 13. Ne2 {Black must now prevent Nd4.} cxd5 14. Nd4 {[#] And now Nc6 would win.} Qc7 $1 ({Not} 14... Nxe4 15. Bxe4 Nc4 16. Qe2 $16) 15. Bb5+ {[#]} Nbd7 ({Better is} 15... Kf8 $1 $17 16. Nc6 Rc8) 16. exd5 $15 Nxd5 17. Nf5 $2 {[%mdl 8192]} (17. Qe2 $1 $15 Bxd4 18. Rxd4 (18. Bxd4 Nf4 $15)) 17... Rxb5 $19 18. Nxg7+ Kd8 19. Qd4 (19. Qe2 {was worth a try.} Qc6 20. Bg5) 19... Rg8 20. Rf3 N5f6 {Precision: White = 23%, Black = 52%.} ({Less strong is} 20... Ne5 21. Rxf7 Qd7 22. Qe4 $19) 0-1

[Event "IV Open RGCC 2018"]
[Site "Gijon"]
[Date "2018.07.25"]
[Round "3"]
[White "Martinez Alcantara, Jose Eduardo"]
[Black "Panelo, Marcelo"]
[Result "1-0"]
[WhiteElo "2545"]
[BlackElo "2366"]
[Annotator "TA"]
[PlyCount "73"]
[EventDate "2018.07.24"]
[EventType "swiss"]
[EventCountry "ESP"]
[SourceTitle "playchess.com"]
[Source "ChessBase"]
[SourceQuality "1"]

{[%evp 22,73,21,41,220,225,227,228,225,209,211,193,237,227,289,275,285,281,274,216,228,215,223,242,227,184,171,181,163,168,172,179,177,179,174,167,168,170,171,146,198,143,145,145,185,185,158,174,236,234,350,352,475,475]} 1. e4 c5 2. Nf3 d6 3. d4 cxd4 4. Nxd4 Nf6 5. Nc3 a6 6. f3 e6 7. Be3 b5 8. Qd2 b4 {B80: Sicilian Scheveningen: 6 g3 and 6 Be3, including English Attack} 9. Na4 Nbd7 10. g4 (10. O-O-O Qa5 11. b3 Bb7 12. a3 Qc7 13. axb4 d5 14. Bf2 Bd6 15. exd5 Nxd5 16. Bg3 {1-0 (36) Nakamura,H (2781)-Grandelius,N (2647) Caleta 2018}) 10... h6 11. O-O-O Qa5 12. b3 {LiveBook: 19 Games} Nc5 $2 (12... Bb7 $14) 13. Nc6 $146 ({Predecessor:} 13. a3 Nxa4 14. axb4 Qc7 15. bxa4 d5 16. e5 Nd7 17. f4 Nb6 18. Bd3 Nxa4 {0-1 (26) Musialkiewicz,P (1970)-Musialkiewicz,J (2128) Szklarska Poreba 2011}) 13... Qc7 {[#] And now ...Nxa4 would win.} 14. Bxc5 $1 (14. Nxb4 Nxa4 15. bxa4 Bb7 $11) 14... Qxc6 15. Bxb4 (15. Bxd6 $6 Bxd6 16. Qxd6 Qxd6 $16) 15... Bb7 16. h4 (16. Bxd6 $6 Rd8 $16) 16... Rd8 17. Be2 Be7 18. g5 Nh5 19. Rhg1 g6 20. Bc3 ({But not} 20. gxh6 $6 Bf8 $18) 20... e5 21. Ba5 Rb8 22. Bc4 ({Resist} 22. gxh6 $6 Nf4 $16) 22... Nf4 23. Bd5 Qc8 24. Nb6 Qc5 25. b4 Qd4 {[%cal Rd4a1] [#]} 26. Bxf7+ $1 {[%mdl 512]} Kxf7 {[%cal Rd4a1] [#]} 27. Qxf4+ $1 {[%mdl 512]} exf4 28. Rxd4 hxg5 29. hxg5 Rh3 30. Rf1 Rbh8 (30... Ke6 $16 31. Rd3 Rbh8) 31. Nc4 (31. Rc4 $18) 31... Ke6 $16 32. Kb2 Rh1 33. Rxh1 Rxh1 34. Bc7 {[%cal Rc4d6]} Rf1 (34... d5 {is a better defense.}) 35. Nxd6 Bc6 (35... Ba8 {might work better.} 36. Rd3 Bxg5) 36. Nc4 $18 Be8 37. Nd2 {Precision: White = 64%, Black = 54%.} 1-0

[Event "IV Open RGCC 2018"]
[Site "Gijon"]
[Date "2018.07.25"]
[Round "3"]
[White "Manolache, Marius"]
[Black "Prieto Aranguren, Alain"]
[Result "1-0"]
[WhiteElo "2494"]
[BlackElo "2252"]
[Annotator "ChessBase"]
[PlyCount "64"]
[EventDate "2018.07.24"]
[EventType "swiss"]
[EventCountry "ESP"]
[SourceTitle "playchess.com"]
[Source "ChessBase"]
[SourceQuality "1"]
[TimeControl "5400+30"]

1. d4 Nf6 2. Bg5 c5 3. d5 g6 4. Nc3 Bg7 5. e4 d6 6. Qd2 O-O 7. Bc4 a6 8. a4 Qa5 9. Ra2 Nbd7 10. Nf3 Qb4 11. Bd3 c4 12. Be2 Rb8 13. O-O Re8 14. Rd1 Nc5 15. h3 b5 16. axb5 axb5 17. Be3 Bd7 18. e5 dxe5 19. Nxe5 Rec8 20. Bd4 Be8 21. Bf3 Na4 22. Nxa4 Qxd2 23. Rxd2 bxa4 24. Nc6 Bxc6 25. dxc6 {[%emt 0:58:40]} Ne8 26. Rxa4 Bxd4 27. Rxd4 Nd6 {[%emt 1:10:51]} 28. Ra2 {[%emt 0:04:59]} Rb5 29. Rd1 Kg7 {[%emt 0:33:39]} 30. Kf1 {[%emt 0:11:57]} Kf6 {[%emt 0:00:00]} 31. Rd4 {[%emt 0:00:52]} Ke5 {[%emt 0:00:00]} 32. c3 {[%emt 0:04:20]} f5 {[%emt 0:00:00]} 1-0

[Event "IV Open RGCC 2018"]
[Site "Gijon"]
[Date "2018.07.25"]
[Round "3"]
[White "Ardelean, George-Catalin"]
[Black "Forgas Moreno, Yaniela"]
[Result "1-0"]
[WhiteElo "2475"]
[BlackElo "2242"]
[Annotator "ChessBase"]
[PlyCount "103"]
[EventDate "2018.07.24"]
[EventType "swiss"]
[EventCountry "ESP"]
[SourceTitle "playchess.com"]
[Source "ChessBase"]
[SourceQuality "1"]
[TimeControl "5400+30"]

1. e4 c5 2. Nf3 d6 3. d4 cxd4 4. Nxd4 Nf6 5. Nc3 a6 6. Be2 e5 7. Nf3 Be7 8. Bg5 Nbd7 9. a4 b6 10. Nd2 Bb7 11. Bc4 O-O 12. O-O Qc7 13. Qe2 Rfe8 14. Rfd1 h6 15. Bxf6 Nxf6 16. Nf1 Qc5 17. Bd5 Nxd5 18. Nxd5 Rac8 19. c3 Bg5 20. g3 f5 21. h4 Bd8 22. Nfe3 f4 23. b4 Qc6 24. Nf5 Kh7 25. Qg4 Qd7 26. h5 Kh8 27. Ra2 Bxd5 28. Rxd5 Bc7 29. b5 Bb8 30. Ra3 fxg3 31. Qxg3 Rc4 32. Qd3 Rec8 33. bxa6 Qf7 34. Qf3 g6 35. hxg6 Qxg6+ 36. Kf1 Qg5 37. Ne3 R4c7 38. Rxd6 Rg7 39. Rf6 Qg1+ 40. Ke2 Qc1 41. Rf8+ Rxf8 42. Qxf8+ Kh7 43. Qf5+ Kg8 44. Rb3 Ba7 45. Qc8+ Kh7 46. Rb5 Rf7 47. Qe6 Rc7 48. Qf5+ Kg8 49. Rd5 Qb2+ 50. Rd2 Qxc3 51. Qg6+ Kf8 52. Qf6+ 1-0

[Event "IV Open RGCC 2018"]
[Site "Gijon"]
[Date "2018.07.25"]
[Round "3"]
[White "Alvarez Fernandez, Enrique"]
[Black "Epishin, Vladimir"]
[Result "1/2-1/2"]
[WhiteElo "2324"]
[BlackElo "2541"]
[Annotator "TA"]
[PlyCount "98"]
[EventDate "2018.07.24"]
[EventType "swiss"]
[EventCountry "ESP"]
[SourceTitle "playchess.com"]
[Source "ChessBase"]
[SourceQuality "1"]

{[%evp 17,98,50,41,44,60,60,54,62,59,54,62,51,43,38,39,8,27,18,39,1,25,28,22,25,64,57,113,0,0,0,0,0,0,0,0,0,0,0,0,0,0,-8,-7,-7,-7,-7,0,0,0,-3,0,0,0,0,0,0,0,0,0,-13,0,0,0,0,0,0,0,0,0,0,0,0,0,0,0,0,0,0,0,0,0,0,0]} 1. d4 d5 2. Bf4 c6 3. e3 Nf6 4. Nf3 Bg4 5. Nbd2 Nbd7 6. h3 {D02: 1 d4 d5 2 Nf3 sidelines, including 2...Nf6 3 g3 and 2...Nf6 3 Bf4} Bh5 7. Be2 (7. c4 e6 8. Qb3 b5 9. cxb5 c5 10. Ne5 Nxe5 11. Bxe5 Nd7 {1-0 (33) Kamsky,G (2714)-Bacrot,E (2695) Moscow 2007}) 7... e6 8. O-O Be7 9. c4 O-O {LiveBook: 13 Games} 10. Qb3 b6 11. cxd5 Nxd5 12. Bg3 $146 ({Predecessor:} 12. Bh2 c5 13. Bb5 cxd4 14. exd4 {0-1 (45) Tangborn,E (2365)-Wessman,R (2505) Reykjavik 1990}) 12... a5 13. e4 N5f6 $1 14. a3 Bg6 15. Qe3 b5 16. Rfc1 Qb6 17. a4 Rfc8 18. Bf1 Bb4 19. Bd3 h6 20. Rc2 Be7 21. Qe2 (21. Bh4 {with more complications.} Bh7 22. Rac1 bxa4 23. Nc4 Qb4 24. Nce5) 21... c5 (21... Bh5 $14) 22. dxc5 (22. axb5 $16 {And now Nc4 would win.} cxd4 23. Rxc8+ Rxc8 24. Nc4 Rxc4 25. Bxc4) 22... Nxc5 $11 {The position is equal.} 23. axb5 Nxd3 24. Qxd3 Rxc2 25. Qxc2 Qxb5 26. Ne5 Qc5 27. Qxc5 Bxc5 28. Nxg6 fxg6 29. Be5 Bb4 30. Bxf6 gxf6 {[%mdl 4096] Endgame KRB-KRN} 31. Nc4 f5 32. exf5 gxf5 33. Ra4 Ra7 34. Kf1 Kg7 35. Ke2 Kf6 36. g4 Rc7 37. b3 Rc5 38. Ra1 fxg4 39. hxg4 h5 40. gxh5 Rxh5 41. Rd1 Rh4 42. Ne3 Bc5 43. Rc1 Bxe3 (43... Be7 {is interesting.} 44. Rc4 Rh5 45. Rf4+ Ke5 46. Ra4 Bb4) 44. fxe3 {KR-KR} Rb4 45. Rc5 Rxb3 46. Rxa5 e5 47. Kf3 Kf5 48. Rc5 Ra3 49. Rb5 Rc3 {Precision: White = 62%, Black = 55%.} 1/2-1/2

[Event "IV Open RGCC 2018"]
[Site "Gijon"]
[Date "2018.07.25"]
[Round "3"]
[White "Rodriguez Lopez, Rafael"]
[Black "Reinaldo Castineira, Roi"]
[Result "0-1"]
[WhiteElo "2312"]
[BlackElo "2503"]
[Annotator "TA"]
[PlyCount "70"]
[EventDate "2018.07.24"]
[EventType "swiss"]
[EventCountry "ESP"]
[SourceTitle "playchess.com"]
[Source "ChessBase"]
[SourceQuality "1"]

{[%evp 25,70,31,18,23,116,16,12,8,5,4,8,17,82,77,84,83,69,24,80,64,82,52,127,53,73,52,67,71,67,74,82,0,0,0,0,-63,-58,-129,-127,-1810,-1493,-1415,-1460,-29990,-29991,-29991,-29992]} 1. e4 c5 2. Nf3 Nc6 3. d4 cxd4 4. Nxd4 e5 5. Nb5 d6 6. N1c3 a6 7. Na3 b5 8. Nd5 Nge7 9. c4 Nxd5 10. exd5 Nd4 11. cxb5 Bd7 {B32: Sicilian: Löwenthal and Kalashnikov Variations} 12. bxa6 Qa5+ 13. Bd2 Qxd5 {LiveBook: 6 Games. aiming for ...Qe4+.White is slightly better.} 14. Be3 Rb8 $146 (14... Qe4 $1 $11 {remains equal.} 15. Qd3 d5) ({Predecessor:} 14... Be7 15. Bxd4 exd4 16. Be2 Qa5+ 17. Qd2 Rxa6 18. Bxa6 Qxa6 19. Qe2 {0-1 (59) Pflug,M (2264)-Gerigk,E (2398) Germany 2014}) 15. Nc4 (15. Nc2 $1 $16) 15... Be7 $11 16. Bxd4 exd4 17. Be2 ({But not} 17. Qe2 O-O $17) 17... Bc6 18. f3 Bh4+ (18... Qc5 $11) 19. g3 $16 Bg5 20. O-O $36 {[%mdl 2048] White has strong initiative.} O-O 21. b3 Rfe8 (21... Bb5 $11) 22. Bd3 Qc5 23. Kg2 d5 {[#]} (23... Bb5 $14) 24. Nb2 (24. Ne5 $1 $16 {[%mdl 512]}) 24... Be3 25. Re1 h5 {[%cal Bh7h5,Bh5h4,Bh4h3][%mdl 32]} 26. Qc2 Qd6 27. Nd1 Rbc8 28. Nxe3 (28. a4 $16) 28... dxe3 $11 29. Rac1 {Black must now prevent Qc5.} d4 {...Bxf3+! is the strong threat.} 30. Qe2 ({Better is} 30. Kg1 $11) 30... h4 $1 $15 31. Red1 {[#]} (31. Bf5 $15 Ra8 32. Bd3) 31... Qf6 $1 $17 32. Rc4 $2 {[%mdl 8192]} (32. Rxc6 $17 h3+ 33. Kxh3 Qxc6 34. b4) 32... h3+ 33. Kg1 Bxf3 {[%cal Bc6f3,Bf3e2,Be2d3][%mdl 32]} 34. Rf1 Bxe2 {[%csl Ge2][%cal Rf6f1]} 35. Rxf6 Bxd3 {Precision: White = 36%, Black = 58%.} 0-1

[Event "IV Open RGCC 2018"]
[Site "Gijon"]
[Date "2018.07.25"]
[Round "3"]
[White "Castrillon Gomez, Melissa"]
[Black "Cori Quispe, Kevin Joel"]
[Result "0-1"]
[WhiteElo "2244"]
[BlackElo "2487"]
[Annotator "TA"]
[PlyCount "86"]
[EventDate "2018.07.24"]
[EventType "swiss"]
[EventCountry "ESP"]
[SourceTitle "playchess.com"]
[Source "ChessBase"]
[SourceQuality "1"]

{[%evp 13,86,3,37,-47,-45,-45,-45,-45,-45,-39,-40,-50,-43,-58,-66,-60,-48,-61,-60,-64,-60,-96,-91,-175,-175,-154,-134,-284,-284,-282,-281,-277,-279,-280,-272,-279,-260,-299,0,0,0,-171,-133,-219,-216,-279,-266,-288,-218,-238,-227,-315,-314,-302,-297,-266,-234,-245,-239,-232,-150,-175,-176,-235,-235,-235,-235,-289,-280,-310,-301,-400,-398,-617,-612]} 1. d4 Nf6 2. g3 e6 3. Bg2 d5 4. Nf3 b5 5. O-O Bb7 6. Ne5 {A46: 1 d4 Nf6 2 Nf3 e6: Torre, London and Colle Systems} (6. Bg5 Nbd7 7. e4 dxe4 8. Nfd2 h6 9. Bxf6 Nxf6 10. Qe2 a6 11. Nxe4 Bxe4 12. Bxe4 Nxe4 13. Qxe4 Qd5 {½-½ (62) Aronian,L (2784)-Dominguez Perez,L (2732) Skopje 2015}) 6... Be7 7. Nd2 Nbd7 {LiveBook: 5 Games} 8. c4 (8. a4 $14) 8... bxc4 $15 9. Ndxc4 c6 $1 10. Nxd7 Nxd7 11. Nd2 O-O 12. e4 Qb6 13. Nb3 $146 ({Predecessor:} 13. Qb3 Rab8 14. Qxb6 axb6 {0-1 (35) Jirka,J (2429)-Jirovsky,M (2455) Czechia 2015}) 13... a5 {[%cal Ba7a5,Ba5a4][%mdl 32]} 14. Be3 a4 15. Nd2 Ba6 16. Re1 Bd3 17. b3 Bb4 $36 {[%mdl 2048] Black is in control.} 18. Rc1 (18. exd5 $17 {was worth a try.} cxd5 19. bxa4) 18... axb3 $19 19. axb3 Ra2 {White must now prevent ...Qa5.} 20. e5 (20. exd5 $17 cxd5 21. Bf1) 20... Qa5 ({Weaker is} 20... Bxd2 21. Bxd2 Qb5 22. Rc3 $11) 21. Nf3 Bb5 22. Bf1 {If only White now had time for Bxb5....} Bxe1 23. Nxe1 Bxf1 24. Kxf1 Qb5+ 25. Kg2 Qe2 $2 ({Black should play} 25... Rb8 $19 {Strongly threatening ...Rb2.} 26. Rc3 Rb2) 26. Qxe2 $11 Rxe2 27. Nd3 $2 (27. Nc2 $1 $11 {and White has nothing to worry.}) 27... Rc8 $19 28. Kf3 (28. Ra1 $17) 28... Ra2 29. Nb4 Rb2 30. Rc3 Kf8 31. Bc1 Rb1 32. Ba3 Ke8 33. Nd3 Rb8 34. Nc1 Rb6 35. Bd6 f6 36. b4 fxe5 37. dxe5 Kf7 38. Nb3 {[#]} (38. h4 {is a better defense.}) 38... Re1 $1 39. Re3 {[#]} Rxe3+ $1 40. Kxe3 Ra6 {And now ...Ra3 would win.} 41. Nd4 Nb6 42. Kd3 Nc4 43. Bc7 (43. Nf3 $142) 43... Ke7 {Precision: White = 34%, Black = 86%.} 0-1

[Event "IV Open RGCC 2018"]
[Site "Gijon"]
[Date "2018.07.25"]
[Round "3"]
[White "Vinuela Diaz, Saul"]
[Black "Kaczur, Florian"]
[Result "1/2-1/2"]
[WhiteElo "2230"]
[BlackElo "2471"]
[Annotator "ChessBase"]
[PlyCount "102"]
[EventDate "2018.07.24"]
[EventType "swiss"]
[EventCountry "ESP"]
[SourceTitle "playchess.com"]
[Source "ChessBase"]
[SourceQuality "1"]
[TimeControl "5400+30"]

1. Nf3 d5 2. c4 d4 3. g3 g6 4. Bg2 Bg7 5. O-O e5 6. d3 Ne7 7. b4 O-O 8. Bb2 a5 9. a3 c5 10. Nbd2 Na6 11. Nb3 cxb4 12. axb4 Nxb4 13. Qd2 Nec6 14. Ba3 Rb8 15. Nxa5 Qxa5 16. Rfb1 Ra8 17. Qb2 Bd7 18. Nd2 Qb6 19. Bxb4 Nxb4 20. Rxa8 Rxa8 21. Qxb4 Qxb4 22. Rxb4 Ra1+ 23. Rb1 Rxb1+ 24. Nxb1 b6 25. Na3 Bf8 26. Nb5 Bc5 27. Kf1 Kg7 28. Ke1 g5 29. Kd2 Bb4+ 30. Kd1 f5 31. e3 dxe3 32. fxe3 g4 33. Ke2 h5 34. Kf2 Kf6 35. Bd5 Kg5 36. d4 exd4 37. Nxd4 Kf6 38. Ne2 Be8 39. Nf4 Be7 40. Nd3 Bd6 41. Nf4 Bf8 42. Ke2 Ke5 43. Bg8 Be7 44. Bh7 Ke4 45. Nd5 Bd8 46. Bg8 h4 47. gxh4 Bxh4 48. Nxb6 Bd8 49. Nd5 Bc6 50. Bf7 Bxd5 51. Bxd5+ Ke5 1/2-1/2

[Event "IV Open RGCC 2018"]
[Site "Gijon"]
[Date "2018.07.25"]
[Round "4"]
[White "Epishin, Vladimir"]
[Black "Portela Peleteiro, Alberto"]
[Result "1-0"]
[WhiteElo "2541"]
[BlackElo "2386"]
[Annotator "TA"]
[PlyCount "49"]
[EventDate "2018.07.24"]
[EventType "swiss"]
[EventCountry "ESP"]
[SourceTitle "playchess.com"]
[Source "ChessBase"]
[SourceQuality "1"]

{[%evp 14,49,50,37,93,72,83,62,77,62,98,100,87,94,129,131,130,141,142,146,153,158,168,125,139,152,302,298,349,388,427,429,423,407,681,620,714,676]} 1. d4 Nf6 2. Nf3 g6 3. c4 Bg7 4. Nc3 O-O 5. Bg5 c5 6. e3 d6 7. h3 Nc6 {E61: King's Indian: Early deviations for White, including Smyslov System} 8. d5 {LiveBook: 3 Games} Nb4 $146 (8... Na5 $14) ({Predecessor:} 8... Na5 9. Qc2 a6 10. Be2 Bf5 11. e4 Bd7 12. O-O b5 13. cxb5 axb5 14. Nxb5 Qb6 15. a4 {0-1 (36) Rocha,S (2370)-Pavlidis,A (2539) Katowice 2017}) 9. a3 $16 Na6 {White is better.} 10. Bd3 Nc7 11. O-O Rb8 12. e4 Nd7 13. Qd2 Ne5 14. Nxe5 Bxe5 15. b4 a6 16. Rab1 Bd7 17. bxc5 dxc5 18. f4 Bd4+ 19. Kh2 {aiming for d6!} f6 (19... Ne8 $16) 20. Bh6 $18 Re8 21. Ne2 b5 22. Nxd4 cxd4 23. c5 f5 (23... Bc8 $142 24. Bc2 Ne6 25. dxe6 Bxe6) 24. Qf2 fxe4 25. Bxe4 {Precision: White = 72%, Black = 21%.} 1-0